| 000 | 00408nam a2200169Ia 4500 | ||
|---|---|---|---|
| 100 | _aHutton/David V | ||
| 650 | _aFinite Element Analysis | ||
| 942 | _cBK | ||
| 366 | _f15 | ||
| 654 | _afinite element analysis | ||
| 245 | _aFundamentals of finite element analysis | ||
| 260 |
_bTata Mc Graw hill _aNew Delhi _c2004 |
||
| 082 |
_a620.0015/HUT _bHUT |
||
| 300 | _a494 | ||
| 546 | _aENGLISH | ||
| 999 |
_c30634 _d30634 |
||